000 00466nam a2200169 i 4500
001 bg
100 1 _aBRALEWSKI, Jerzy
245 1 0 _aPomiary korozyjne na metalowych konstrukcjach podziemnych.
260 _aWarszawa :
_bWydawnictwa Naukowo-Techniczne,
_c1968.
500 _a620.193:624.014:624.131.
650 9 _aKorozja i erozja
650 9 _aKonstrukcje metalowe
040 _cBPK
041 0 _apol
942 _cKS
008 s pl f |000 0 pol
999 _c7769
_d7769
856 _uhttp://koha.tu.koszalin.pl/cgi-bin/koha/opac-detail.pl?biblionumber=7769
_yKatalog online BPK